000 00736nam a22002417a 4500
003 UA-OsUOA
001 86351
007 ta
008 20120830b un ||||| |||| 00| 0 ukr d
100 _aДубровин М.
090 _a811.111
_bД79
942 _cBK
040 _aUA-OsUOA
_brus
_cUA-OsUOA
_dUA-OsUOA
245 _aИллюстрированный путеводитель по английской грамматике
_bэкспресс-курс
300 _a208 с.
955 _a2
041 _arus
080 _a811.111
020 _a5-86256-002-5
260 _aМ.
_c1992
650 7 _a8 Мовознавство. Художня література. Літературознавство
_2UDC
999 _c372733
_d372733